| 000 | 00380nam a22001457a 4500 | ||
|---|---|---|---|
| 003 | NUST | ||
| 005 | 20260416155531.0 | ||
| 008 | 260416b ||||| |||| 00| 0 eng d | ||
| 082 |
_a378 _bBUL |
||
| 100 |
_aGraduate Bulletin. _9134183 |
||
| 245 |
_aThe University of Tulsa 1988-1990 / _cGraduate Bulletin. |
||
| 300 |
_a184 p ; _c25.00 cm |
||
| 563 | _aPaperback | ||
| 942 |
_2ddc _cBK |
||
| 999 |
_c617137 _d617137 |
||